[Event "Bicaz City Cup"]
[Site "Bicaz"]
[Date "2020.03.06"]
[Round "2"]
[White "Racovita, Gheorghe"]
[Black "Vilcu, Matei Stefan"]
[Result "1/2-1/2"]
[WhiteElo "1705"]
[BlackElo "2037"]
[PlyCount "78"]
[EventDate "2020.03.05"]
[EventType "swiss"]
[EventRounds "7"]
[EventCountry "ROU"]
[SourceTitle "CBM 195 Extra"]
[Source "ChessBase"]
[SourceDate "2020.05.31"]
[SourceVersion "1"]
[SourceVersionDate "2020.05.31"]
[SourceQuality "1"]

1. d4 g6 2. Nf3 Bg7 3. g3 d6 4. Bg2 Nf6 5. 0-0 0-0 6. c4 Nc6 7. Nc3 a6 8. h3 Rb8 9. Be3 b5 10. cxb5 axb5 11. Nd2 Bd7 12. Nb3 b4 13. Nd5 Nxd5 14. Bxd5 Na7 15. Bg2 Nb5 16. Qd2 e5 17. dxe5 Bxe5 18. Rfc1 c5 19. Bf4 Bxf4 20. Qxf4 Be6 21. e3 Qb6 22. Rd1 Rbc8 23. Nd2 d5 24. Nf3 f6 25. Qh6 Qa7 26. Nh4 Rfd8 27. Bf1 Nd6 28. Ng2 Qf7 29. g4 f5 30. Qh4 Ne4 31. f3 Nf6 32. Nf4 fxg4 33. hxg4 Rd6 34. Qg3 Rcd8 35. Nd3 Qa7 36. Qf4 Bf7 37. Rac1 c4 38. Nxb4 Qb6 39. a3 d4 1/2-1/2

[Event "Galatzi GP op"]
[Site "Galatzi"]
[Date "2007.05.11"]
[Round "5"]
[White "Nevednichy, Vladislav"]
[Black "Racovita, Gheorghe"]
[Result "1-0"]
[WhiteElo "2528"]
[BlackElo "2063"]
[PlyCount "63"]
[EventDate "2007.05.08"]
[EventType "swiss"]
[EventRounds "9"]
[EventCountry "ROU"]
[SourceTitle "CBM 118 Extra"]
[Source "ChessBase"]
[SourceDate "2007.07.04"]
[SourceVersion "1"]
[SourceVersionDate "2007.07.04"]
[SourceQuality "1"]

1. e4 d6 2. d4 Nf6 3. Nc3 g6 4. Nf3 Bg7 5. Be2 0-0 6. 0-0 c6 7. Re1 Qc7 8. Bf4 Nh5 9. Be3 e5 10. a4 Nf4 11. Bxf4 exf4 12. h3 f5 13. Bc4+ Kh8 14. Bd3 fxe4 15. Nxe4 Nd7 16. c3 Nf6 17. Neg5 Nd5 18. Qc2 Ne7 19. Re2 Nf5 20. Rae1 Bd7 21. Ne6 Bxe6 22. Rxe6 Rad8 23. h4 Qc8 24. Qb3 Qc7 25. Bxf5 Rxf5 26. Re7 Rd7 27. Re8+ Rf8 28. Ng5 d5 29. Qd1 Qb6 30. Qg4 Rc7 31. Qxf4 Rc8 32. Qf7 1-0

[Event "Galatzi GP op"]
[Site "Galatzi"]
[Date "2007.05.08"]
[Round "1"]
[White "Lupulescu, Constantin"]
[Black "Racovita, Gheorghe"]
[Result "1-0"]
[WhiteElo "2565"]
[BlackElo "2063"]
[PlyCount "61"]
[EventDate "2007.05.08"]
[EventType "swiss"]
[EventRounds "9"]
[EventCountry "ROU"]
[SourceTitle "CBM 118 Extra"]
[Source "ChessBase"]
[SourceDate "2007.07.04"]
[SourceVersion "1"]
[SourceVersionDate "2007.07.04"]
[SourceQuality "1"]

1. e4 d6 2. d4 Nf6 3. f3 g6 4. Be3 Bg7 5. Qd2 0-0 6. Nc3 c6 7. 0-0-0 b5 8. g4 Qa5 9. Kb1 b4 10. Nce2 Nbd7 11. Nc1 Rb8 12. Nge2 Qc7 13. Bh6 Nb6 14. Bxg7 Kxg7 15. Ng3 Na4 16. Qg5 h6 17. Qe3 Be6 18. h4 Rh8 19. g5 hxg5 20. hxg5 Nd7 21. Rxh8 Rxh8 22. d5 Bh3 23. Qd4+ Ne5 24. Qxb4 Bxf1 25. Nxf1 Nb6 26. f4 Ned7 27. Ne3 c5 28. Qc3+ f6 29. Rg1 Rh4 30. gxf6+ exf6 31. Nf5+ 1-0